000 01061nam a2200337Ia 4500
001 dia_84
003 CHAP
005 20240221114836.0
008 220117s2009 xx 000 0 und d
010 _a176406
020 _a978-958-97181-7-9
040 _cCHAP
082 _a631.585 D87 2009
100 1 _aDurán Ramírez, Felipe
_934702
245 _aProducción de pimentón, tomate y lechuga en hidropónicos : métodos, semilleros, siembra, enfermedades /
_c Felipe Durán Ramírez
260 _aColombia :
_b Grupo Latino,
_c2009
300 _a62 p.
440 _aGranja integral
_950385
503 _aC.
504 _aBibliografía: p. 62
590 _aSB307.P4 D87 2009
650 _aCultivos sin suelo
_xCultivos hidropónicos
_9158756
650 _aLechuga
_965452
650 _aPimiento
_9158757
650 _aSoilless culture
_xHydroponics
_9158758
650 _aTomate
_9113672
901 _a631.585 D87 2009
902 _aM
905 _a5232272009 ck dn 8222223322spa16
942 _cLIBRO
_2ddc
999 _c176406
_d176406